Viajes por América del Sur
Saved in:
| Main Authors: | , , , , |
|---|---|
| Format: | Book |
| Language: | Spanish |
| Published: |
Madrid
Aguilar
1957
|
| Edition: | 1a. ed |
| Series: | Bibliotheca Indiana. Viajes y viajeros
|
| Subjects: | |
| Tags: |
Add Tag
No Tags, Be the first to tag this record!
|
MARC
| LEADER | 00000nam a2200000 a 4500 | ||
|---|---|---|---|
| 001 | UCJ6797 | ||
| 003 | CL-VaPUC | ||
| 005 | 20250227100136.0 | ||
| 008 | 070124e19570000SP |||||||||||||||||spa|d | ||
| 999 | |c 322899 |d 322897 | ||
| 040 | |c Pontificia Universidad Católica de Valparaíso | ||
| 082 | 0 | 4 | |a 910.4 |b PIG |2 21 |
| 100 | 0 | |a Pigafetta, Antonio |e author |9 345709 | |
| 245 | 1 | 0 | |a Viajes por América del Sur |
| 250 | |a 1a. ed | ||
| 260 | |a Madrid |b Aguilar |c 1957 | ||
| 300 | |a 4 v | ||
| 490 | 0 | |a Bibliotheca Indiana. Viajes y viajeros | |
| 500 | |a Ilustraciones, iconografía y mapas comforme a lo señalado en índices | ||
| 583 | |a last modification |c 20070124 00:00:00 |k Rodrigo Vera | ||
| 600 | 0 | |a Núñez Cabeza de Vaca, Alvar, |d 1459-1560 |9 513311 | |
| 600 | 0 | 7 | |a VIZCAINO, SEBASTIAN |2 CL-VaPUC |9 314996 |
| 600 | 0 | 7 | |a KINO, S.J., EUSEBIO FRANCISCO |2 CL-VaPUC |9 514164 |
| 600 | 0 | 7 | |a MORFI, JUAN AGUSTIN DE |2 CL-VaPUC |9 514165 |
| 600 | 0 | 7 | |a COOK, JAMES |2 CL-VaPUC |9 514166 |
| 600 | 0 | 7 | |a LAFORA, NICOLAS DE |2 CL-VaPUC |9 514167 |
| 600 | 0 | 7 | |a CHATEAUBRIAND, FRANCOIS RENATE |2 CL-VaPUC |9 338716 |
| 600 | 0 | 7 | |a CHARNAY, CLAUDE JOSEPH DESIRE |2 CL-VaPUC |9 514168 |
| 600 | 0 | 7 | |a PALOU, FRANCISCO |2 CL-VaPUC |9 514169 |
| 600 | 0 | 7 | |a ZAVALA, LORENZO |2 CL-VaPUC |9 514170 |
| 600 | 0 | 7 | |a MENENDEZ DE AVILES, PEDRO |2 CL-VaPUC |9 514171 |
| 600 | 0 | 7 | |a TAMARON Y ROMERAL, PEDRO |2 CL-VaPUC |9 514172 |
| 600 | 0 | 7 | |a D'ORBIGNY, ALCIDES DESSALINES |2 CL-VaPUC |9 514173 |
| 600 | 0 | 7 | |a WIENER, CHARLES |2 CL-VaPUC |9 514174 |
| 600 | 0 | 7 | |a CONDAMINE, CARLOS MARIA DE LA |2 CL-VaPUC |9 514175 |
| 600 | 0 | 7 | |a STADEN, HANS |2 CL-VaPUC |9 514176 |
| 600 | 0 | 7 | |a SCHMIDL, ULRICO |2 CL-VaPUC |9 446652 |
| 600 | 0 | |a Azara, Félix de |e author |9 514043 | |
| 600 | 0 | 7 | |a MAC CANN, WILLIAM |2 CL-VaPUC |9 514178 |
| 600 | 0 | 7 | |a HUMBOLDT, FEDERICO ENRIQUE ALEJANDRO |2 CL-VaPUC |9 437612 |
| 600 | 0 | 7 | |a BONPLAND, AIME |2 CL-VaPUC |9 514179 |
| 600 | 0 | 7 | |a GUINNARD, AUGUSTO |2 CL-VaPUC |9 514180 |
| 650 | 0 | |a Viajes |9 257115 | |
| 650 | 0 | |a Expediciones científicas |9 265222 | |
| 650 | 0 | |a Descubrimientos geográficos |9 331933 | |
| 650 | 0 | |a Aborígenes |9 329972 | |
| 650 | 0 | |a Flora y fauna |9 338564 | |
| 650 | 0 | |a Recursos naturales |9 255232 | |
| 650 | 0 | |a Iconografía |9 267998 | |
| 650 | 0 | |a Mapas |9 260844 | |
| 650 | 7 | |a DOCUMENTOS HISTORICOS |2 CL-VaPUC |9 438868 | |
| 651 | 0 | |a América del Sur |9 260128 | |
| 700 | 0 | |a Ordóñez de Ceballos, Pedro |e author |9 514161 | |
| 700 | 0 | |a Byron, John |e author |9 421021 | |
| 700 | |a Hawkesworth, John |e author |9 517430 | ||
| 700 | 0 | |a Bougainville, Luis Antonio de |e author |9 514163 | |
| 942 | |c BK |2 ddc | ||
| 945 | |d 20070124 00:00:00 |a rinostro | ||
| 952 | |0 0 |1 0 |4 0 |6 910_400000000000000_PIG_1957 |7 0 |8 X |9 402052 |a FDOBUD |b FDOBUD |d 2019-11-22 |h v.1 |i 1053108 |o 910.4 PIG 1957 |p 1053108 |r 2019-11-22 |w 2019-11-22 |y BK_X |k BUD | ||
| 952 | |0 0 |1 0 |4 0 |6 910_400000000000000_PIG_1957 |7 0 |8 X |9 402053 |a FDOBUD |b FDOBUD |d 2019-11-22 |h v.2 |i 1053116 |o 910.4 PIG 1957 |p 1053116 |r 2019-11-22 |w 2019-11-22 |y BK_X |k BUD | ||
| 952 | |0 0 |1 0 |4 0 |6 910_400000000000000_PIG_1957 |7 0 |8 X |9 402054 |a FDOBUD |b FDOBUD |d 2019-11-22 |h v.3 |i 1053124 |o 910.4 PIG 1957 |p 1053124 |r 2019-11-22 |w 2019-11-22 |y BK_X |k BUD | ||
| 952 | |0 0 |1 0 |4 0 |6 910_400000000000000_PIG_1957 |7 0 |8 X |9 402055 |a FDOBUD |b FDOBUD |d 2019-11-22 |h v.4 |i 1053132 |o 910.4 PIG 1957 |p 1053132 |r 2019-11-22 |w 2019-11-22 |y BK_X |k BUD | ||